000 00285nam a2200121Ia 4500
005 20251222144835.0
008 251222s9999||||xx |||||||||||||| ||spa||
082 _a922.23/B74G
100 _aGuidetti, Armando
245 0 _aSan Carlo Borromeo:
264 _bRusconi Libri
942 _cLIB
999 _c21021
_d21021